Top 10 Città più popolose Provincia di Pordenone - Statistics

Statistiche generali
  • Questo quiz è stato fatto 36 volte
  • Il punteggio medio è 7 su 10
Statistiche sulle risposte
Popolazione (ab.) Città % Corretto
50 583 Pordenone
100%
19 897 Sacile
86%
11 818 Maniago
79%
15 554 Azzano Decimo
76%
18 203 Cordenons
72%
15 251 Porcia
66%
11 486 Fiume Veneto
59%
11 902 Spilimbergo
59%
11 537 Fontanafredda
55%
15 011 San Vito al Tagliamento
55%
Nessun quiz corrispondente trovato
Distribuzione punteggi
Percentuale di utenti per punteggio
Percentile per numero di risposta
I tuoi punteggi nel tempo
Non hai fatto questo quiz